|
|
|
|
| LEADER |
00000nbm0a2200000 4500 |
| 001 |
139430 |
| 005 |
20231031141728.0 |
| 035 |
|
|
|a (RuTPU)RU\TPU\book\151039
|
| 090 |
|
|
|a 139430
|
| 100 |
|
|
|a 20080606d1968 k y0rusy50 ca
|
| 101 |
0 |
|
|a rus
|
| 102 |
|
|
|a RU
|
| 105 |
|
|
|a a m 001zy
|
| 200 |
1 |
|
|a Разработка и экспериментальное исследование генераторов дискретной фазы
|e диссертация на соискание ученой степени кандидата технических наук
|f Л. А. Гонохов
|g Томский политехнический институт (ТПИ) ; науч. рук. К. М. Шульженко
|
| 210 |
|
|
|a Томск
|c [Б. и.]
|d 1968
|
| 215 |
|
|
|a 205 л.
|c ил.
|
| 320 |
|
|
|a Библиогр.: с. 176-183 (85 назв.).
|
| 371 |
0 |
|
|a For_staff_use
|
| 610 |
1 |
|
|a делители частоты
|
| 610 |
1 |
|
|a использование
|
| 610 |
1 |
|
|a фазы
|
| 610 |
1 |
|
|a дискретные задатчики
|
| 610 |
1 |
|
|a стационарные режимы
|
| 610 |
1 |
|
|a переходные процессы
|
| 610 |
1 |
|
|a фазовая техника
|
| 610 |
1 |
|
|a диссертации
|
| 675 |
|
|
|a 621.313.12(04)
|v 3
|
| 700 |
|
1 |
|a Гонохов
|b Л. А.
|
| 702 |
|
1 |
|a Шульженко
|b К. М.
|4 727
|
| 712 |
0 |
2 |
|a Томский политехнический институт (ТПИ)
|c (1944-1991)
|2 stltpush
|3 (RuTPU)RU\TPU\col\1123
|
| 801 |
|
1 |
|a RU
|b 63413507
|c 20080606
|g PSBO
|
| 801 |
|
2 |
|a RU
|b 63413507
|c 20080617
|g PSBO
|
| 942 |
|
|
|c BK
|